| 000 | 01918nam a2200481Ii 4500 | ||
|---|---|---|---|
| 001 | DIGCSIC0592 | ||
| 003 | NyNyDIG | ||
| 006 | m o d | ||
| 007 | cr ||||||||||| | ||
| 008 | 220729s2020 sp a ob 000 0 spa d | ||
| 035 | _a(OCoLC)1257258684 | ||
| 040 |
_aDGITA _beng _erda _epn _cDGITA |
||
| 020 |
_a9788400106669 _qeBook _qePdf |
||
| 020 | _z9788400106652 | ||
| 024 | 7 |
_a833201377 _qe-NIPO _2nipo |
|
| 024 | 7 |
_z822201361 _2nipo |
|
| 043 | _ancho--- | ||
| 050 | 1 | 4 | _aF1517.B55 ebook |
| 100 | 1 |
_aObando Andrade, Rafael, _eauthor. |
|
| 245 | 1 | 0 |
_aAfricanos en los confines del Imperio : _besclavitud, empoderamiento y lucha en la Honduras colonial (1525-1643) / _cRafael Obando Andrade. |
| 264 | 1 |
_aMadrid : _bConsejo Superior de Investigaciones Científicas, _c2020. |
|
| 300 |
_a1 online resource : _billustrations. |
||
| 336 |
_atext _btxt _2rdacontent |
||
| 337 |
_acomputer _bc _2rdamedia |
||
| 338 |
_aonline resource _bcr _2rdacarrier |
||
| 347 |
_atext file _2rdaft |
||
| 347 | _bPDF | ||
| 490 | 1 |
_aEstudios americanos. Tierra nueva ; _v4 |
|
| 504 | _aIncludes bibliographical references. | ||
| 588 | 0 | _aOnline resource; title from PDF title page (Digitalia, viewed July 29, 2022) | |
| 650 | 0 |
_aBlacks _zHonduras _xHistory. |
|
| 650 | 0 |
_aSlavery _zHonduras _xHistory. |
|
| 650 | 0 |
_aSilver mines and mining _zHonduras _xHistory. |
|
| 650 | 0 |
_aHonduras _xHistory _yTo 1838. |
|
| 655 | 0 | _aElectronic books. | |
| 791 | 2 |
_aDigitalia (Firm), _edistributor. |
|
| 793 | 0 |
_gDigitalia eBook Collection: _aEditorial CSIC |
|
| 776 | 0 | 8 |
_iPrint version: _aObando Andrade, Rafael. _tAfricanos en los confines del Imperio. _dMadrid : Consejo Superior de Investigaciones Científicas, [2020] _z9788400106652 |
| 830 | 0 |
_aEstudios americanos. _pTierra nueva ; _v4. |
|
| 856 | 4 | 0 |
_3Digitalia Hispánica _uhttps://www.digitaliapublishing.com/a/81389/ |
| 910 | _aPremium collection: 2022 | ||
| 942 | _cRAA | ||
| 999 |
_c265321 _d265321 |
||